=LDR 00000nam 2200000 4500 =001 INLIS000000000039370 =005 20130612145012 =008 ***********************************ind** =035 ##$$0010-061300000039370 =041 ##$$a ind =082 ##$$a R.419.615 03 =090 ##$$a R.419.615 03 , Tam, k =100 ##$$a TAMBAYONG,Yapi =245 ##$$a Kamus Bahasa dan Budaya Manado , Yapi Tambayong =260 ##$$a 2007 $b Jakarta =300 ##$$a xlix,989 hlm. , Illus , 22 cm =650 ##$$a BAHASA-MANADO-KAMUS =850 ##$$a NBPNMAT